| 000 | 00606nam a2200193Ia 4500 | ||
|---|---|---|---|
| 005 | 20250423095600.0 | ||
| 008 | 250422s9999 xx 000 0 und d | ||
| 020 | _a9780357509753 | ||
| 050 | _aQA 76.9 .A25 .S55/ | ||
| 100 | _aSimpson, Michael T.; Antill, Nicholas D.; Wilson, Robert S. | ||
| 245 | 0 | _aHands-on ethical hacking and network defense | |
| 250 | _a4th ed. | ||
| 260 | _aAustralia | ||
| 260 | _bCengage Learning | ||
| 260 | _c2021 | ||
| 300 | _a366 p | ||
| 650 | _aPenetration testing (Computer security) Computer security. Computer networks--Security measures. Hackers. | ||
| 942 | _cBK | ||
| 999 |
_c30711 _d30711 |
||